| 000 | 00611nam a2200193Ia 4500 | ||
|---|---|---|---|
| 003 | GCL | ||
| 008 | 140319s9999 xx 000 0 ara d | ||
| 040 |
_aGCL / _cGCL |
||
| 082 | 0 | 4 |
_a811.008 _bا د |
| 100 | 1 | _aاحمد الوايلى | |
| 245 | 1 | 0 |
_aالديوان الاول من شعر الشيخ احمد الوايلى / _cاحمد الوايلى |
| 260 |
_a[S.N] : _bدار الكتاب الاسلامى ، _c1985 |
||
| 490 | _a | ||
| 650 | 0 | 4 | _aالشعر العربى |
| 650 | 0 | 4 | _aالادب العربى |
| 650 | 0 | 4 | _aدواوين وقصائد |
| 650 | 0 | 4 | _aالمجموعات |
| 942 |
_2ddc _cBK |
||
| 999 |
_c28390 _d28390 |
||